00390nam a2200145Ia 4500003000400000005001700004008004100021040000900062082002000071100003000091245005200121260004100173300000800214650002200222OSt20210105151523.0190216s9999||||xx |||||||||||||| ||und|| coclc a894.8122bMEN/S aMenon, Vallathol Narayana 0aSwapnavasavadatham /cVallathol Narayana Menon  bPoorna Publication,c1988.aCalicut: a86p aMalayalam Nadakam